000
00248nmm a2200097Ia 4500
008
220120s9999||||xx |||||||||||||||||und||
082
_a
00 5.133 MAR
100
_a
Marshall.J.J Saeed, Zed
_9
3429
245
0
_a
After effects 5/5.5 bible
260
_c
2002
999
_c
139067
_d
139067